000 00657nam a2200181 i 4500
001 182293
003 ES-MaACL
005 20251017120316.0
008 130731s1967 sp |||| | spa d
100 1 _aSánchez-Castañer, Francisco.
_9102538
245 1 0 _aLeyendo a Gabriela Mistral /
_cFrancisco Sánchez-Castañer.
260 _aMadrid :
_b[s.n.],
_c1967 (
_fGráf. Alocén)
300 _a32 p. ;
_c23 cm.
595 _aReprint from Revista de Estudios Hispánicos, vol. II nº 1, abril 1968, University of Alabama Press.
600 1 4 _aMistral, Gabriela,
_d1889-1957
_9242376
852 _aES-MaACL
_j2316-F-41
999 _c182293
_d182293